Southville International School and Colleges
Your cart is empty.
  • Cart
  • Lists
    Public lists Eva Luna New books Lux_list list_1
    Your lists Log in to create your own lists
  • Log in to your account
  • Your cookies
  • Search history
Southville International School and Colleges
  • Advanced search
  • Recent comments
  • Most popular
  • Libraries

Log in to your account

Log in with GOOGLE


If you do not have an external account, but do have a local account, you can still log in:

  1. Home
  2. MARC view: Si Abraham /
Normal view MARC view ISBD view

Si Abraham / (Record no. 102872)

[ view plain ]
MARC details
000 -LEADER
fixed length control field 00497nam a2200157 a 4500
005 - DATE AND TIME OF LATEST TRANSACTION
control field 20140412111244.0
008 - FIXED-LENGTH DATA ELEMENTS--GENERAL INFORMATION
fixed length control field 010809s19uu xx 00 eng d
020 ## - INTERNATIONAL STANDARD BOOK NUMBER
International Standard Book Number 971-511-390-7
050 ## - LIBRARY OF CONGRESS CALL NUMBER
Classification number Fil E
Item number Ab8 1995
245 ## - TITLE STATEMENT
Title Si Abraham /
Statement of responsibility, etc illustrations by Elmer Cruz, Roderick Cruz & Leo Cultura.
260 ## - PUBLICATION, DISTRIBUTION, ETC. (IMPRINT)
Place of publication, distribution, etc Mandaluyong City, Manila :
Name of publisher, distributor, etc OMF Literature Inc,
Date of publication, distribution, etc 1995.
300 ## - PHYSICAL DESCRIPTION
Extent 1v. (unp.) ; ill.
650 ## - SUBJECT ADDED ENTRY--TOPICAL TERM
Topical term or geographic name as entry element Bible stories for children
650 ## - SUBJECT ADDED ENTRY--TOPICAL TERM
Topical term or geographic name as entry element Bible Character, O.T.
Holdings
Withdrawn status Lost status Damaged status Use restrictions Home library Current library Shelving location Date acquired Source of acquisition Total Checkouts Full call number Barcode Date last seen Price effective from Koha item type
        Elizalde Library Elizalde Library Filipiniana Section 08/09/2001     Fil E Ab8 1995 E3056 04/12/2014 04/12/2014 Books

Si Abraham /

APA

(1995). Si Abraham. Mandaluyong City, Manila: OMF Literature Inc.

Chicago

1995. Si Abraham. Mandaluyong City, Manila: OMF Literature Inc.

Harvard

(1995). Si Abraham. Mandaluyong City, Manila: OMF Literature Inc.

MLA

Si Abraham. Mandaluyong City, Manila: OMF Literature Inc. 1995.

  • Place hold
  • Print
  • Cite
  • Add to your cart (remove)
  • Save record
    BIBTEX Dublin Core MARCXML MARC (non-Unicode/MARC-8) MARC (Unicode/UTF-8) MARC (Unicode/UTF-8, Standard) MODS (XML) RIS
  • More searches
    Search for this title in:
    Other Libraries (WorldCat) Other Databases (Google Scholar) Online Stores (Bookfinder.com) Open Library (openlibrary.org)

Exporting to Dublin Core...

SOUTHVILLE LIBRARY

Southville International School and Colleges Library

1281 Tropical Ave. Cor. Luxembourg St., BF Homes International, Las Pinas City

Tel. No. 8256374 / 252358 Loc. 117/146

Powered by Koha